| 000 | 00808nam a2200217 i 4500 | ||
|---|---|---|---|
| 001 | 34085 | ||
| 003 | ES-MaACL | ||
| 005 | 20230906154856.0 | ||
| 007 | t| | ||
| 008 | 030204s1942 sp ||||1| spa d | ||
| 100 | 1 |
_aBlanco Otero, Manuel. _929276 |
|
| 245 | 1 | 0 |
_aBreves consideraciones sobre mortalidad infantil / _cpor Manuel Blanco Otero. |
| 260 |
_a[S.l. : _bs.n., _c1942] |
||
| 300 |
_a16 p. ; _c22 cm. |
||
| 490 | 1 |
_aPublicaciones al servicio de España y del niño español ; _v55 |
|
| 500 | _aPrecede al tít.: Ministerio de la Gobernación. Dirección General de Sanidad. | ||
| 710 | 1 |
_aEspaña. _bDirección General de Sanidad. _93905 |
|
| 830 | 0 |
_aPublicaciones al servicio de España y del niño español ; _v55 _9183437 |
|
| 852 |
_aES-MaACL _j1668-F-26 _bR.21242 |
||
| 999 |
_c34085 _d34085 |
||